• 首页
  • 本馆介绍
  • 公告通知
  • 最新文献
  • 馆藏检索
  • 电子资源
  • 读者导购
  • 参考咨询
  • 我的图书馆
  • 登录
  • 详细信息显示
  • 放入我的书架
  • 预约/预借图书
  • 作者相关作品
  • 分类相关作品
  • 丛书相关作品
  • 出版社相关作品

书目信息

  • 表格格式
  • 工作单格式
  • 卡片格式
题名:
共产国际与中国革命关系史研究荟萃
    
 
作者: 翟作君 主编
分册:  
出版信息: 上海   复旦大学出版社  1990.02
页数: 347页
开本: 21cm
丛书名:
单 册:
中图分类: D231
科图分类:
主题词: 中国共产党--党史--1919~1949
电子资源:
ISBN: 7-309-00483-3
000 00618nam0 2200193 45
001 0507010958
005 20050701100901.0
010    @a7-309-00483-3@dCNY4.50
100    @a20050701d1990 km y0chiy0120 ea
101 0  @achi
105    @a z 000yy
200 1  @a共产国际与中国革命关系史研究荟萃@AGong Chan Guo Ji Yu Zhong Guo Ge Ming Guan Xi Shi Yan Jiu Hui Cui@f翟作君主编@FZhai Zuo Jun Zhu Bian
210    @a上海@c复旦大学出版社@d1990.02
215    @a347页@d21cm
606 0  @a中国共产党@x党史@z1919~1949
690    @aD231@v3
701  0 @a翟作君@4主编
801    @aCN@bPftUser@c20050701
905    @f1@b253141@dD231@e116
    
    共产国际与中国革命关系史研究荟萃/翟作君主编.-上海:复旦大学出版社,1990.02
    347页;21cm
    
    
    ISBN 7-309-00483-3:CNY4.50
    
●
相关链接 在E读中查询图书 在五车中查询图书 在当当中查询图书 在豆瓣中查询图书


正题名:共产国际与中国革命关系史研究荟萃     索取号:D231/116         预约/预借

序号 登录号 条形码 馆藏地/架位号 状态 备注
1 0253141   002052414   第一样本阅览室/ [索取号:D231/116] 在馆    
唐山师范学院图书馆 欢迎您!
大连网信软件有限公司© 版权所有